000 00474nam a2200157 a 4500
001 000035554
005 20200930074428.0
008 111103s1985 mx 000 0 spa d
020 _a9682600375
040 _aDO-SdBNP
_bspa
_cBNPHU
100 1 _aCharles J. Dirksen
_961454
245 0 0 _aBiblioteca de publicidad y relaciones públicas /
_cArthur Kroeger.
260 _aMéxico :
_bEditorial Continental,
_c1985.
300 _av. 2 ;
_c24 cm.
700 1 _aKroeger,Arthur
_961455
999 _c35045
_d35045